Управление производством и решение задач оптимизации с помощью MES-систем; Современные техника и технологии; Т. 2

Detalles Bibliográficos
Parent link:Современные техника и технологии: 12-я международная научно-практическая конференция студентов, аспирантов и молодых ученых, г. Томск, 27 марта - 31 марта 2006 г./ Томский политехнический университет.— , 2006
Т. 2.— 2006.— C. 147-149
Autor Principal: Саночкина Н. Г.
Idioma:ruso
Publicado: 2006
Subjects:
Formato: MixedMaterials Capítulo de libro
KOHA link:https://koha.lib.tpu.ru/cgi-bin/koha/opac-detail.pl?biblionumber=114958

MARC

LEADER 00000naa2a2200000 4500
001 114958
005 20231031122426.0
035 |a (RuTPU)RU\TPU\book\124320 
090 |a 114958 
100 |a 20070430d2006 k y0rusy50 ca 
101 0 |a rus 
102 |a RU 
200 1 |a Управление производством и решение задач оптимизации с помощью MES-систем  |f Н. Г. Саночкина 
320 |a Библиогр.: 3 назв. 
461 1 |0 (RuTPU)RU\TPU\book\111998  |t Современные техника и технологии  |o 12-я международная научно-практическая конференция студентов, аспирантов и молодых ученых, г. Томск, 27 марта - 31 марта 2006 г.  |o труды в 2 т.  |f Томский политехнический университет  |d 2006 
463 0 |0 (RuTPU)RU\TPU\book\114157  |t Т. 2  |v C. 147-149  |d 2006  |p 518 с. 
610 1 |a оптимизация 
610 1 |a производство 
610 1 |a управление 
610 1 |a MES-системы 
610 1 |a производственный процесс 
610 1 |a исполнительные системы 
610 1 |a производственные исполнительные системы 
610 1 |a труды учёных ТПУ 
700 1 |a Саночкина  |b Н. Г. 
801 1 |a RU  |b 63413507  |c 20070430  |g PSBO 
801 2 |a RU  |b 63413507  |c 20141105  |g RCR 
942 |c BK